[Event "Titled Tuesday intern op 26th Sep Early"]
[Site "Chess.com INT"]
[Date "2023.09.26"]
[Round "3"]
[White "Aswath, S."]
[Black "Salinas Tomas, Daniel"]
[Result "0-1"]
[WhiteElo "2335"]
[BlackElo "2175"]
[PlyCount "64"]
[EventDate "2023.09.26"]
[EventType "swiss (blitz)"]
[EventRounds "11"]
[EventCountry "USA"]
[SourceTitle "EXT 2024"]
[Source "ChessBase"]
[SourceDate "2023.10.10"]
[SourceVersion "1"]
[SourceVersionDate "2023.10.10"]
[SourceQuality "1"]

1. e4 c5 2. Nc3 e6 3. Nf3 Nc6 4. g3 Nf6 5. Bg2 d5 6. exd5 exd5 7. 0-0 d4 8. Re1+ Be7 9. Ne2 0-0 10. d3 h6 11. Nf4 Bd6 12. a3 Re8 13. Bd2 Bd7 14. Rxe8+ Qxe8 15. Qe1 g5 16. Ne2 Qe7 17. h4 g4 18. Nh2 Re8 19. Nf4 Qxe1+ 20. Rxe1 Rxe1+ 21. Bxe1 Bxf4 22. gxf4 h5 23. Nf1 b6 24. Ng3 Ne7 25. Bd2 Ng6 26. f5 Nxh4 27. Bg5 Nxg2 28. Kxg2 Nd5 29. f6 Kh7 30. Nxh5 Kg6 31. Nf4+ Kxg5 32. Nxd5 Bc6 0-1

[Event "Titled Tuesday intern op 19th Sep Early"]
[Site "Chess.com INT"]
[Date "2023.09.19"]
[Round "1"]
[White "Yelisieiev, Yevhenii"]
[Black "Salinas Tomas, Daniel"]
[Result "1-0"]
[WhiteElo "2411"]
[BlackElo "2175"]
[PlyCount "71"]
[EventDate "2023.09.19"]
[EventType "swiss (blitz)"]
[EventRounds "11"]
[EventCountry "USA"]
[SourceTitle "EXT 2024"]
[Source "ChessBase"]
[SourceDate "2023.10.10"]
[SourceVersion "1"]
[SourceVersionDate "2023.10.10"]
[SourceQuality "1"]

1. d4 Nf6 2. Nf3 e6 3. c4 d5 4. Nc3 c5 5. cxd5 Nxd5 6. e4 Nxc3 7. bxc3 cxd4 8. cxd4 Bb4+ 9. Bd2 Bxd2+ 10. Qxd2 0-0 11. Bc4 b6 12. d5 Ba6 13. Bxa6 Nxa6 14. dxe6 fxe6 15. 0-0 Qxd2 16. Nxd2 Rfd8 17. Rfd1 Rd4 18. Nf3 Rxe4 19. Rd7 Nc5 20. Rc7 a5 21. Rb1 Rb4 22. Rd1 h6 23. h4 Rb2 24. a4 Rf8 25. Rd6 Rb4 26. Nd4 Rxa4 27. Nxe6 Nxe6 28. Rxe6 Ra1+ 29. Kh2 Rxf2 30. Ree7 Raa2 31. Rxg7+ Kf8 32. Kh3 Ra3+ 33. g3 Rff3 34. Rg6 a4 35. Ra7 b5 36. Rb6 1-0

[Event "Titled Tuesday intern op 05th Sep Early"]
[Site "Chess.com INT"]
[Date "2023.09.05"]
[Round "2"]
[White "Hernando Rodrigo, Julio Antonio"]
[Black "Salinas Tomas, Daniel"]
[Result "1-0"]
[WhiteElo "2208"]
[BlackElo "2175"]
[PlyCount "99"]
[EventDate "2023.09.05"]
[EventType "swiss (blitz)"]
[EventRounds "11"]
[EventCountry "USA"]
[SourceTitle "EXT 2024"]
[Source "ChessBase"]
[SourceDate "2023.10.10"]
[SourceVersion "1"]
[SourceVersionDate "2023.10.10"]
[SourceQuality "1"]

1. d4 Nf6 2. c4 e6 3. Nf3 Bb4+ 4. Bd2 Qe7 5. g3 0-0 6. Bg2 Nc6 7. 0-0 Bxd2 8. Qxd2 d6 9. Nc3 e5 10. Nd5 Qd8 11. Rfd1 Bf5 12. dxe5 dxe5 13. Qg5 Be4 14. Nxe5 Bxg2 15. Nxc6 bxc6 16. Nxf6+ Qxf6 17. Qxf6 gxf6 18. Kxg2 Rfd8 19. e3 Kf8 20. Kf3 Ke7 21. Ke2 Ke6 22. Rxd8 Rxd8 23. Rd1 Rb8 24. b3 a5 25. Kd2 a4 26. Kc3 axb3 27. axb3 Ra8 28. Kb2 c5 29. Ra1 Rd8 30. Kc2 Ke5 31. f3 Rb8 32. Rd1 c6 33. Rd7 Ke6 34. Rc7 Rb6 35. Kc3 Ra6 36. Kb2 Rb6 37. Ra7 Rb8 38. Rc7 Rb6 39. Rc8 Ra6 40. Rh8 Ra7 41. Rxh7 Rd7 42. Kc2 Ra7 43. Kb2 Rd7 44. Rh5 Rd2+ 45. Ka3 Kd6 46. e4 Rd3 47. Rf5 Ke6 48. h4 Rd1 49. Rxc5 Kd6 50. Rf5 1-0

[Event "Titled Tuesday intern op 05th Sep Early"]
[Site "Chess.com INT"]
[Date "2023.09.05"]
[Round "11"]
[White "Vivaan, Vishal Shah"]
[Black "Salinas Tomas, Daniel"]
[Result "1-0"]
[WhiteElo "1954"]
[BlackElo "2175"]
[PlyCount "77"]
[EventDate "2023.09.05"]
[EventType "swiss (blitz)"]
[EventRounds "11"]
[EventCountry "USA"]
[SourceTitle "EXT 2024"]
[Source "ChessBase"]
[SourceDate "2023.10.10"]
[SourceVersion "1"]
[SourceVersionDate "2023.10.10"]
[SourceQuality "1"]

1. e4 c6 2. d4 d5 3. Nd2 dxe4 4. Nxe4 Nf6 5. Nxf6+ exf6 6. c3 Bd6 7. Bd3 0-0 8. Qc2 Re8+ 9. Ne2 h5 10. Be3 Nd7 11. 0-0-0 Nf8 12. Kb1 b5 13. d5 c5 14. Bxb5 Rxe3 15. fxe3 Rb8 16. Bd3 Nd7 17. Bf5 Ne5 18. Bxc8 Qxc8 19. c4 Qg4 20. Nf4 g5 21. h3 Qh4 22. g3 Qxg3 23. Qe2 Qf3 24. Qxf3 Nxf3 25. Nxh5 Be5 26. b3 f5 27. Rhf1 g4 28. hxg4 fxg4 29. Nf4 f5 30. Ng6 Bd6 31. Nf4 Kf7 32. Ne6 Rh8 33. e4 f4 34. Rxf3 gxf3 35. Rf1 Rh2 36. Rxf3 Be5 37. Nxf4 Rb2+ 38. Kc1 Rxa2 39. Nd3+ 1-0

[Event "Titled Tuesday intern op 29th Aug Early"]
[Site "Chess.com INT"]
[Date "2023.08.29"]
[Round "4"]
[White "Di Nicolantonio, Lucas"]
[Black "Salinas Tomas, Daniel"]
[Result "1-0"]
[WhiteElo "2383"]
[BlackElo "2175"]
[PlyCount "75"]
[EventDate "2023.08.29"]
[EventType "swiss (blitz)"]
[EventRounds "11"]
[EventCountry "USA"]
[SourceTitle "EXT 2024"]
[Source "ChessBase"]
[SourceDate "2023.10.10"]
[SourceVersion "1"]
[SourceVersionDate "2023.10.10"]
[SourceQuality "1"]

1. Nf3 Nf6 2. c4 e6 3. Nc3 c5 4. e3 d5 5. cxd5 exd5 6. d4 Nc6 7. Be2 Bg4 8. 0-0 Be7 9. dxc5 Bxc5 10. b3 0-0 11. Bb2 Rc8 12. Rc1 Qe7 13. Nxd5 Nxd5 14. Qxd5 Nb4 15. Qd2 Nxa2 16. Ra1 Bb4 17. Qd4 Nc3 18. Bxc3 Bxc3 19. Qxg4 Bxa1 20. Rxa1 Rc2 21. Bc4 Qf6 22. Rd1 a6 23. h4 b5 24. Bd3 Rc3 25. Nd4 Rfc8 26. Bf5 Rd8 27. Ra1 g6 28. Be4 Rdc8 29. g3 h5 30. Qd7 Rc1+ 31. Rxc1 Rxc1+ 32. Kg2 Rd1 33. Bd5 Rd2 34. Nf3 Rb2 35. e4 Kg7 36. e5 Qf5 37. e6 Rd2 38. Nxd2 1-0

[Event "Titled Tuesday intern op 29th Aug Early"]
[Site "Chess.com INT"]
[Date "2023.08.29"]
[Round "6"]
[White "Dwilewicz, Katarzyna"]
[Black "Salinas Tomas, Daniel"]
[Result "0-1"]
[WhiteElo "2163"]
[BlackElo "2175"]
[PlyCount "70"]
[EventDate "2023.08.29"]
[EventType "swiss (blitz)"]
[EventRounds "11"]
[EventCountry "USA"]
[SourceTitle "EXT 2024"]
[Source "ChessBase"]
[SourceDate "2023.10.10"]
[SourceVersion "1"]
[SourceVersionDate "2023.10.10"]
[SourceQuality "1"]

1. e4 c6 2. d4 d5 3. Nc3 dxe4 4. Nxe4 Nf6 5. Nxf6+ exf6 6. c3 Bd6 7. Bd3 0-0 8. Qc2 Re8+ 9. Ne2 h5 10. Be3 Be6 11. 0-0-0 Nd7 12. Kb1 b5 13. h3 h4 14. Rhe1 Nb6 15. Nf4 Bxf4 16. Bxf4 Qd5 17. b3 a5 18. Be4 Qd7 19. g3 hxg3 20. Bxg3 a4 21. d5 cxd5 22. Bh7+ Kf8 23. Rd4 axb3 24. axb3 Ra3 25. Kc1 Rea8 26. Re2 Ra1+ 27. Kd2 R1a2 28. f3 Rxc2+ 29. Bxc2 Ra2 30. Bf2 Bf5 31. Kd1 Bxc2+ 32. Rxc2 Rxc2 33. Kxc2 Qf5+ 34. Rd3 Nc4 35. bxc4 dxc4 0-1

[Event "Titled Tuesday intern op 29th Aug Early"]
[Site "Chess.com INT"]
[Date "2023.08.29"]
[Round "8"]
[White "Salinas Tomas, Daniel"]
[Black "Dragnev, Valentin"]
[Result "0-1"]
[WhiteElo "2175"]
[BlackElo "2576"]
[PlyCount "54"]
[EventDate "2023.08.29"]
[EventType "swiss (blitz)"]
[EventRounds "11"]
[EventCountry "USA"]
[SourceTitle "EXT 2024"]
[Source "ChessBase"]
[SourceDate "2023.10.10"]
[SourceVersion "1"]
[SourceVersionDate "2023.10.10"]
[SourceQuality "1"]

1. d4 Nf6 2. c4 c5 3. d5 b5 4. cxb5 a6 5. e3 g6 6. Nc3 Bg7 7. a4 0-0 8. e4 Bb7 9. Nf3 e6 10. Be2 exd5 11. exd5 axb5 12. Bxb5 Re8+ 13. Be3 Ng4 14. 0-0 Rxe3 15. fxe3 Nxe3 16. Qd2 Nxf1 17. Rxf1 Na6 18. Qf2 d6 19. Kh1 Nb4 20. Nd2 Qe7 21. Nc4 Rf8 22. a5 Nxd5 23. a6 Nxc3 24. bxc3 Ba8 25. Nb6 Be4 26. Bc4 Qa7 27. Rb1 Bxb1 0-1

[Event "Barcelona Sants op 24th"]
[Site "Barcelona"]
[Date "2023.08.23"]
[Round "6"]
[White "Subhayan, Kundu"]
[Black "Salinas Tomas, Daniel"]
[Result "1-0"]
[WhiteElo "2341"]
[BlackElo "2175"]
[PlyCount "77"]
[EventDate "2023.08.18"]
[EventType "swiss"]
[EventRounds "10"]
[EventCountry "ESP"]
[SourceTitle "CBM 215 Extra"]
[Source "ChessBase"]
[SourceDate "2023.09.30"]
[SourceVersion "1"]
[SourceVersionDate "2023.09.30"]
[SourceQuality "1"]

1. e4 c6 2. d4 d5 3. e5 c5 4. c3 Nc6 5. Be2 cxd4 6. cxd4 Bf5 7. Nc3 e6 8. Nf3 Nge7 9. Nb5 Nc8 10. 0-0 Be7 11. Nc3 0-0 12. a3 Nb6 13. Ne1 Rc8 14. Be3 Na5 15. g4 Bg6 16. f4 Nbc4 17. Bc1 f5 18. exf6 Bxf6 19. Nf3 Qb6 20. f5 Bf7 21. g5 Be7 22. b4 Nc6 23. Na4 Qc7 24. Nh4 exf5 25. Nxf5 Bg6 26. Bf4 Qd7 27. Nh4 Be4 28. Bg4 Qd8 29. Be6+ Kh8 30. Bxc8 Qxc8 31. Nc3 Qh3 32. Bg3 Ne3 33. Rxf8+ Bxf8 34. Qe2 Nf5 35. Nxe4 Nxh4 36. Rf1 Nf5 37. Nd6 Ncxd4 38. Qe8 Ne2+ 39. Qxe2 1-0

[Event "Titled Tuesday intern op 01st Aug Early"]
[Site "Chess.com INT"]
[Date "2023.08.01"]
[Round "9"]
[White "Lisenkov, Svyatoslav"]
[Black "Salinas Tomas, Daniel"]
[Result "1-0"]
[WhiteElo "2089"]
[BlackElo "2175"]
[PlyCount "129"]
[EventDate "2023.08.01"]
[EventType "swiss (blitz)"]
[EventRounds "11"]
[EventCountry "USA"]
[SourceTitle "EXT 2024"]
[Source "ChessBase"]
[SourceDate "2023.10.10"]
[SourceVersion "1"]
[SourceVersionDate "2023.10.10"]
[SourceQuality "1"]

1. e4 c6 2. d4 d5 3. e5 c5 4. dxc5 e6 5. Nf3 Bxc5 6. Bd3 Ne7 7. a3 Ng6 8. b4 Be7 9. 0-0 a5 10. b5 Nd7 11. Bb2 0-0 12. a4 b6 13. Nbd2 Nc5 14. Nb3 Bb7 15. Nbd4 Rc8 16. g3 Qc7 17. h4 Rfd8 18. h5 Nf8 19. h6 f6 20. hxg7 Kxg7 21. Qd2 Ng6 22. exf6+ Bxf6 23. Rae1 Qf7 24. Kg2 Ne4 25. Qe3 e5 26. Qh6+ Kxh6 27. Nf5+ Kh5 28. Rh1+ Nh4+ 29. N3xh4 Bxh4 30. Rxh4+ Kg6 31. g4 h5 32. Bxe5 hxg4 33. Bxe4 dxe4 34. Ne3 Qf3+ 35. Kg1 Rd7 36. Rxg4+ Kf7 37. Rf4+ Ke6 38. Rxf3 exf3 39. Bg3 Rg8 40. Ng4+ Kf7 41. Ne5+ Ke8 42. Nxd7+ Kxd7 43. Rd1+ Ke6 44. Rd4 Bd5 45. Rh4 Rg6 46. Rh7 Kf5 47. Rd7 Be4 48. Rd8 Re6 49. Rf8+ Kg6 50. Rb8 Kf5 51. c4 Bd3 52. c5 bxc5 53. b6 c4 54. b7 Be4 55. Rf8+ Kg6 56. b8Q c3 57. Rg8+ Kf5 58. Qf8+ Rf6 59. Qc5+ Ke6 60. Re8+ Kf7 61. Qe7+ Kg6 62. Rg8+ Kf5 63. Bh4 Rb6 64. Rg5+ Kf4 65. Qe5# 1-0

[Event "ESP-ch U16 rapid"]
[Site "Salobrena"]
[Date "2023.07.30"]
[Round "7"]
[White "Salinas Tomas, Daniel"]
[Black "Ermachenko, Manuel"]
[Result "1-0"]
[WhiteElo "2096"]
[BlackElo "1993"]
[PlyCount "123"]
[EventDate "2023.07.29"]
[EventType "swiss (rapid)"]
[EventRounds "9"]
[EventCountry "ESP"]
[SourceTitle "EXT 2024"]
[Source "ChessBase"]
[SourceDate "2023.10.10"]
[SourceVersion "1"]
[SourceVersionDate "2023.10.10"]
[SourceQuality "1"]

1. Nf3 Nf6 2. d4 e6 3. g3 d5 4. c4 Bb4+ 5. Bd2 Bxd2+ 6. Nbxd2 0-0 7. Bg2 b6 8. 0-0 Bb7 9. cxd5 exd5 10. Rc1 Nbd7 11. Ne5 Nxe5 12. dxe5 Nd7 13. Qc2 c5 14. f4 Qe7 15. e4 d4 16. Nc4 Ba6 17. Rfd1 Bxc4 18. Qxc4 Qe6 19. Qxe6 fxe6 20. b4 Kf7 21. Bf1 a6 22. bxc5 bxc5 23. Rb1 Rfb8 24. a4 Rxb1 25. Rxb1 Rb8 26. Rc1 Rb4 27. Bxa6 Rxa4 28. Bb5 Ra7 29. Bxd7 Rxd7 30. Rxc5 d3 31. Rc1 Rd4 32. Rd1 Rxe4 33. Rxd3 Re2 34. Rd7+ Kf8 35. Rc7 Rb2 36. Rd7 Rc2 37. Ra7 Rb2 38. Ra3 Kf7 39. Rf3 h5 40. Rf2 Rb1+ 41. Kg2 Kg6 42. Rd2 Rb7 43. Kh3 Kf5 44. Kh4 Kg6 45. Rd6 Kf5 46. Rd8 Re7 47. h3 Kg6 48. g4 hxg4 49. hxg4 Ra7 50. Rd6 Kf7 51. Kg5 Ra4 52. f5 exf5 53. gxf5 Ra7 54. e6+ Kg8 55. Kg6 Ra8 56. Rd7 Rf8 57. Rxg7+ Kh8 58. Ra7 Rb8 59. f6 Rg8+ 60. Kf7 Kh7 61. Ra1 Rg6 62. Rh1+ 1-0

[Event "ESP-ch U16 rapid"]
[Site "Salobrena"]
[Date "2023.07.29"]
[Round "3"]
[White "Salinas Tomas, Daniel"]
[Black "Aleksanyan Israelyan, Nicolas"]
[Result "1/2-1/2"]
[WhiteElo "2096"]
[BlackElo "1883"]
[PlyCount "152"]
[EventDate "2023.07.29"]
[EventType "swiss (rapid)"]
[EventRounds "9"]
[EventCountry "ESP"]
[SourceTitle "EXT 2024"]
[Source "ChessBase"]
[SourceDate "2023.10.10"]
[SourceVersion "1"]
[SourceVersionDate "2023.10.10"]
[SourceQuality "1"]

1. d4 d5 2. c4 e5 3. dxe5 d4 4. Nf3 Nc6 5. a3 Nge7 6. b4 Ng6 7. Bb2 Ngxe5 8. Nxe5 Nxe5 9. Qxd4 Qxd4 10. Bxd4 Nxc4 11. e3 Be6 12. Be2 f6 13. 0-0 c6 14. Rc1 Nb6 15. b5 c5 16. Bc3 Be7 17. a4 Nd5 18. Bb2 Kf7 19. Na3 Rhd8 20. Bc4 Nb6 21. Bxe6+ Kxe6 22. a5 Nc8 23. Kf1 b6 24. axb6 axb6 25. Nc4 Rxa1 26. Rxa1 Nd6 27. Nxb6 Nxb5 28. Nc4 Nd6 29. Nd2 Rb8 30. Bc3 Kd5 31. Ke2 Nb5 32. e4+ Kc6 33. Kd3 Nxc3 34. Kxc3 Bd6 35. Ra6+ Rb6 36. Rxb6+ Kxb6 37. Nc4+ Kc6 38. h3 Be5+ 39. Kd3 Bd4 40. f3 h5 41. Na3 h4 42. Kc4 g5 43. Nb5 Be5 44. Na7+ Kb7 45. Nb5 Kc6 46. Na3 Bd4 47. Nc2 Bg1 48. Ne1 Bh2 49. Nd3 Bd6 50. Nc1 Bh2 51. Nb3 Bg1 52. Nc1 Bh2 53. Ne2 Bd6 54. Nc3 Bf4 55. Nd5 Be5 56. Ne7+ Kd7 57. Nf5 Kc6 58. Ne3 Bf4 59. Ng4 Be5 60. Nf2 Bg3 61. Nd1 Bf4 62. Nc3 Bg3 63. Nb5 Be5 64. Na7+ Kb7 65. Nb5 Kc6 66. Na3 Bg3 67. Kb3 Bf2 68. Ka4 Be1 69. Nc4 Bb4 70. Ne3 Bc3 71. Nd5 Be5 72. Ka5 Bd4 73. Ka4 Be5 74. Ka5 Bd4 75. Ka4 Be5 76. Kb3 Kb5 1/2-1/2